000 00300nam a22001457a 4500
008 210518b ||||| |||| 00| 0 eng d
020 _a0130246530
041 _aeng
080 _a7
082 _a7
100 _a44
101 _aART
245 _aAmerican Art
_cMilton W. Brown
942 _2udc
_cBK
999 _c57374
_d57374